000 00663nam a2200229Ia 4500
003 OSt
005 20221007080838.0
006 a|||||r|||| 00| 0
007 ta
008 221006b |||||||| |||| 00| 0 eng d
024 _a13,200
037 _cTextual
040 _aFLL
_cFLL
_beng
041 _2eng
_aeng
082 _aV73:1950y4:N39, J8
100 _aHull Stuart Au.
_9695679
245 0 _aLegal effect of world war II on treaties of the United states
260 _aNew York
_bFoundation press U.S.A.
_c1958
300 _avii,392p
_ccm.
942 _hV73:1950y4:N39, J8
_cTEXL
_2CC
999 _c1161104
_d1161104